Perspectivas en la teoría general de sistemas: estudios científico-filosóficos

Պահպանված է:
Մատենագիտական մանրամասներ
Հիմնական հեղինակ: Bertalanffy, Ludwig von (Հեղինակ)
Ձևաչափ: Գիրք
Լեզու:անգլերեն
Հրապարակվել է: Madrid Alianza 1979
Շարք:Alianza Universidad
Խորագրեր:
Ցուցիչներ: Ավելացրեք ցուցիչ
Չկան պիտակներ, Եղեք առաջինը, ով նշում է այս գրառումը!

MARC

LEADER 00000nam a2200000 a 4500
001 UCV6845
003 CL-VaPUC
008 920318e19790000SP |||||||||||||||||eng|d
082 0 4 |a 003  |b BER  |2 21 
100 0 |a Bertalanffy, Ludwig von  |e author  |9 300857 
245 1 0 |a Perspectivas en la teoría general de sistemas: estudios científico-filosóficos 
300 |a 166 p 
942 |c BK 
945 |d 19920318 00:00:00 
260 |a Madrid  |b Alianza  |c 1979 
650 0 |a Teoría de sistemas  |9 260742 
650 0 |a Análisis de sistemas   |9 260059 
583 |a last modification  |c 19920318 00:00:00  |k Rodrigo Vera 
490 0 |a Alianza Universidad 
999 |c 212685  |d 212683 
952 |0 0  |1 0  |4 0  |6 003_000000000000000_BER_1979  |7 0  |8 A  |9 194076  |a BIBING  |b BIBING  |d 2019-11-14  |i 2622467  |o 003 BER 1979  |p 2622467  |r 2024-01-25  |w 2019-11-14  |y BK  |k EII